COMMUNICATION AND EDUCATIONAL TECHNOLOGY (Record no. 21958)

MARC details
000 -LEADER
fixed length control field 00390nam a22001577a 4500
003 - CONTROL NUMBER IDENTIFIER
control field SGT
020 ## - INTERNATIONAL STANDARD BOOK NUMBER
International Standard Book Number 9788131243749
082 ## - DEWEY DECIMAL CLASSIFICATION NUMBER
Classification number 610.73
Item number C20S
100 ## - MAIN ENTRY--PERSONAL NAME
Personal name SHARMA, SURESH K.
245 ## - TITLE STATEMENT
Title COMMUNICATION AND EDUCATIONAL TECHNOLOGY
250 ## - EDITION STATEMENT
Edition statement 2ND
260 ## - PUBLICATION, DISTRIBUTION, ETC. (IMPRINT)
Place of publication, distribution, etc INDIA
Name of publisher, distributor, etc ELSEVIER PUB
Year of Publication 2020
300 ## - PAGE DESCRIPTION
No. of Pages 456
650 ## - SUBJECT ADDED ENTRY--TOPICAL TERM
Topical term or geographic name as entry element COMMUNICATION AND EDUCATIONAL TECHNOLOGY
942 ## - ADDED ENTRY ELEMENTS (KOHA)
Source of classification or shelving scheme Dewey Decimal Classification
Koha item type Books
942 ## - ADDED ENTRY ELEMENTS (KOHA)
-- 52
Holdings
Withdrawn status Lost status Source of classification or shelving scheme Damaged status Not for loan Collection code Home library Current library Shelving location Date acquired Vendor Name Cost, normal purchase price SGTU Bill Number Total Checkouts Full call number Accession No. (Barcode) Date last seen Date last borrowed Bill Date Koha item type
    Dewey Decimal Classification     NURSING SGT Medical Library SGT Medical Library Text Book 12/10/2021 ABC DELHI 580.00 SGTU 13309 21 610.73 C20S FN4556 04/11/2025 04/11/2025   Books
    Dewey Decimal Classification     NURSING SGT Medical Library SGT Medical Library Text Book 12/10/2021 ABC DELHI 580.00 SGTU 13309 15 610.73 C20S FN4557 01/02/2024 19/01/2024   Books
    Dewey Decimal Classification     NURSING SGT Medical Library SGT Medical Library Text Book 12/10/2021 ABC DELHI 580.00 SGTU 13309 14 610.73 C20S FN4558 12/01/2026 23/12/2025   Books
    Dewey Decimal Classification     NURSING SGT Medical Library SGT Medical Library Text Book 12/10/2021 ABC DELHI 580.00 SGTU 13309 11 610.73 C20S FN4559 23/01/2025 07/01/2025   Books
    Dewey Decimal Classification     NURSING SGT Medical Library SGT Medical Library Text Book 12/10/2021 ABC DELHI 580.00 SGTU 13309   610.73 C20S FN4560 12/10/2021     Books